O novo regime fiscal das SGPS

Bibliographic Details
Main Author: Guerreiro, Tiago Caiado
Format: Unknown
Language:Portuguese
Published: Portugal : Franco Caiado Guerreiro & Associados, 2003
Subjects:
Online Access:Acceso restringido

MARC

LEADER 00000ny a22000003n 4500
005 20110621133222.0
008 091215s2003 po 000 0 por d
020 |a 9789727881055 
035 |a 2110 
040 |a BUS  |d vLex 
090 |c 953  |d 953 
100 1 |a Guerreiro, Tiago Caiado 
245 1 2 |a O novo regime fiscal das SGPS  |h [Recurso electrn̤ico]  |c Tiago Caiado Guerreiro  
256 |a Servicio en ln̕ea 
260 |a Portugal :  |b Franco Caiado Guerreiro & Associados,  |c 2003 
300 |a p. ;  |c cm 
506 1 |a Contenido solo disponible en los productos indicados  |d vLex Global  |d vLex Global (Academic Edition, excluding Law Schools)  |d vLex Global (U.S. Academic Edition, Law Schools)  |d vLex Global (U.S. Academic Edition, excluding Law Schools)  |d vLex Global (Academic Edition, Law Schools) 
650 0 4 |a Derecho fiscal 
650 0 4 |a Hacienda pb︢lica 
740 0 |a vLex Libros (Servicios en ln̕ea) 
856 4 0 |u http://vlex.com/source/2110  |z Acceso restringido 
942 |c BOOK